Central Library OPAC University of Rajshahi

Hotels and restaurants in Britain. Overseas edition / (Record no. 14905)

MARC details
000 -LEADER
fixed length control field 00945cas a2200277u| 4500
001 - CONTROL NUMBER
control field 14905
003 - CONTROL NUMBER IDENTIFIER
rucl marc code BD-RjUL
005 - DATE AND TIME OF LATEST TRANSACTION
control field 20211208235720.0
008 - FIXED-LENGTH DATA ELEMENTS--GENERAL INFORMATION
fixed length control field 140208s1966 enkab|||||||||| ||eng|d
035 ## - SYSTEM CONTROL NUMBER
System control number (BD-RjUL)14959
040 ## - CATALOGING SOURCE
Original cataloging agency DLC
Transcribing agency CarP
Modifying agency DLC
-- BD-RjUL
Language of cataloging eng
041 ## - LANGUAGE CODE
Language code of text/sound track or separate title eng
082 00 - DEWEY DECIMAL CLASSIFICATION NUMBER
Classification number 647.942
Author mark and year HOT 1966
245 00 - TITLE STATEMENT
Title Hotels and restaurants in Britain. Overseas edition /
260 ## - PUBLICATION, DISTRIBUTION, ETC. (IMPRINT)
Place of publication, distribution, etc. London :
Name of publisher, distributor, etc. British Travel and Holidays Association,
Date of publication, distribution, etc. 1966
300 ## - PHYSICAL DESCRIPTION
Pagination 210p. :
Illustrations illus., maps (part fold.) ;
Size 22 cm.
500 ## - GENERAL NOTE
General note Title varies as Hotels and restaurants in the British Isles. Overseas edition.
650 #0 - SUBJECT ADDED ENTRY--TOPICAL TERM
Topical term or geographic name as entry element Hotels.
Geographic subdivision Great Britain.
9 (RLIN) 46403
Topical term or geographic name as entry element Hotels.
9 (RLIN) 45184
Topical term or geographic name as entry element Restaurants
Geographic subdivision Great Britain.
9 (RLIN) 46404
710 2# - ADDED ENTRY--CORPORATE NAME
Corporate name or jurisdiction name as entry element British Travel and Holiday Association. [from old catalog]
9 (RLIN) 46405
942 ## - ADDED ENTRY ELEMENTS (KOHA)
Source of classification or shelving scheme Dewey Decimal Classification
Koha item type Books
Holdings
Lost status Source of classification or shelving scheme Damaged status Not for loan Collection code Permanent Location Current Location Shelving location Date acquired Source of acquisition Total Checkouts Full call number Date last seen Copy number Koha item type
  Dewey Decimal Classification   Not For Loan Non-fiction Central Library, University of Rajshahi Central Library, University of Rajshahi Reading Room 29/06/1967 British Council, Dhaka Gift   647.942 HOT 1966 08/02/2014 C-1 Books